000
00217nam a22000857a 4500
008
170614b xxu||||| |||| 00| 0 eng d
100
_9
3388
_a
Tayal. B.B
245
_a
Social Science for us
260
_a
New Delhi
_b
A. P
_c
2009
999
_c
6746
_d
6746